[Event "Belorechensk Sarkisov Memorial op"]
[Site "Belorechensk"]
[Date "2012.05.27"]
[Round "5"]
[White "Samsonov, Evgeniy"]
[Black "Vertegel, Evgeny"]
[Result "0-1"]
[WhiteElo "1767"]
[BlackElo "1857"]
[PlyCount "94"]
[EventDate "2012.05.23"]
[EventType "swiss"]
[EventRounds "9"]
[EventCountry "RUS"]
[SourceTitle "CBM 148 Extra"]
[Source "ChessBase"]
[SourceDate "2012.06.22"]
[SourceVersion "1"]
[SourceVersionDate "2012.06.22"]
[SourceQuality "1"]

1. d4 Nf6 2. c4 g6 3. Nc3 d5 4. e3 Bg7 5. Nf3 0-0 6. cxd5 Nxd5 7. Bc4 Nxc3 8. bxc3 c5 9. Qb3 cxd4 10. cxd4 Nc6 11. Be2 e5 12. Bb2 exd4 13. Nxd4 Nxd4 14. Bxd4 Qa5+ 15. Kf1 Bxd4 16. exd4 Be6 17. Qb2 Rfd8 18. h4 h5 19. Rd1 Qxa2 20. Qxa2 Bxa2 21. Rh3 Bd5 22. g4 Be6 23. Rg3 hxg4 24. Bxg4 Bxg4 25. Rxg4 Rd5 26. Ke2 Kg7 27. Kd3 b5 28. Rg5 Rxg5 29. hxg5 a5 30. Rb1 Rb8 31. d5 Kf8 32. Kd4 Ke7 33. Kc5 b4 34. d6+ Kd7 35. Re1 Re8 36. Rd1 Re5+ 37. Kc4 Rxg5 38. Kb3 Rf5 39. Rd2 Rf6 40. Rd5 Rf5 41. Rd2 g5 42. Ka4 g4 43. Kb3 Rc5 44. Ka4 f5 45. Kb3 f4 46. Rd4 Rf5 47. Rd3 f3 0-1

[Event "Belorechensk Sarkisov Memorial op"]
[Site "Belorechensk"]
[Date "2012.05.23"]
[Round "1"]
[White "Rjabzev, Konstantin"]
[Black "Samsonov, Evgeniy"]
[Result "1-0"]
[WhiteElo "2212"]
[BlackElo "1767"]
[PlyCount "63"]
[EventDate "2012.05.23"]
[EventType "swiss"]
[EventRounds "9"]
[EventCountry "RUS"]
[SourceTitle "CBM 148 Extra"]
[Source "ChessBase"]
[SourceDate "2012.06.22"]
[SourceVersion "1"]
[SourceVersionDate "2012.06.22"]
[SourceQuality "1"]

1. e4 c5 2. b3 Nc6 3. Bb2 e6 4. Nf3 d6 5. Bb5 Bd7 6. 0-0 Nf6 7. d3 Be7 8. Nbd2 0-0 9. Bxc6 Bxc6 10. Qe2 e5 11. Ne1 Re8 12. f4 Bf8 13. fxe5 dxe5 14. Nc4 Qc7 15. Nf3 Nd7 16. a4 a6 17. a5 Bb5 18. Ne3 Nf6 19. Nh4 Re6 20. Nd5 Nxd5 21. exd5 Ree8 22. c4 Bd7 23. Qf3 Bc8 24. Nf5 g6 25. d6 Qd7 26. Ne7+ Rxe7 27. dxe7 Qxe7 28. Bxe5 Bf5 29. Rae1 Qd7 30. Qe3 Rd8 31. Bf6 Rc8 32. Bb2 1-0

[Event "Rostov Region-ch op"]
[Site "Rostov on Don"]
[Date "2011.10.20"]
[Round "4.28"]
[White "Tutov, Viktor"]
[Black "Samsonov, Evgeniy"]
[Result "1-0"]
[WhiteElo "1926"]
[BlackElo "1783"]
[PlyCount "57"]
[EventDate "2011.10.20"]
[EventType "swiss"]
[EventRounds "9"]
[EventCountry "RUS"]
[SourceTitle "EXT 2022"]
[Source "ChessBase"]
[SourceDate "2021.10.06"]
[SourceVersion "1"]
[SourceVersionDate "2021.10.06"]
[SourceQuality "1"]

1. Nf3 Nf6 2. d4 e6 3. Bg5 c5 4. c3 h6 5. Bxf6 Qxf6 6. e3 a6 7. Bd3 d5 8. Nbd2 cxd4 9. exd4 Bd6 10. 0-0 0-0 11. Re1 Nc6 12. Qe2 Qd8 13. Ne5 Nxe5 14. dxe5 Be7 15. Nf3 b5 16. Nd4 Qb6 17. a3 Bb7 18. Rad1 Rac8 19. Bb1 Bg5 20. Rd3 a5 21. Rg3 b4 22. h4 Bxh4 23. Qd3 f5 24. exf6 Bxf6 25. Rxe6 Bxd4 26. Rxb6 Bxf2+ 27. Kh2 Bxg3+ 28. Kxg3 Rf7 29. Rxb7 1-0

[Event "Rostov Region-ch op"]
[Site "Rostov on Don"]
[Date "2011.10.20"]
[Round "2.19"]
[White "Vartanian, Eduard"]
[Black "Samsonov, Evgeniy"]
[Result "1-0"]
[WhiteElo "2107"]
[BlackElo "1783"]
[PlyCount "97"]
[EventDate "2011.10.20"]
[EventType "swiss"]
[EventRounds "9"]
[EventCountry "RUS"]
[SourceTitle "EXT 2022"]
[Source "ChessBase"]
[SourceDate "2021.10.06"]
[SourceVersion "1"]
[SourceVersionDate "2021.10.06"]
[SourceQuality "1"]

1. Nf3 Nf6 2. g3 b6 3. Bg2 Bb7 4. 0-0 g6 5. c4 Bg7 6. Nc3 0-0 7. d4 d5 8. Ne5 c6 9. cxd5 cxd5 10. Bf4 Nc6 11. Rc1 Nh5 12. Nxd5 Nxf4 13. gxf4 Nxe5 14. dxe5 Rc8 15. Rxc8 Bxc8 16. Qa4 e6 17. Nc3 a6 18. e3 Qe7 19. Qc6 b5 20. Ne4 b4 21. Nd6 Qd7 22. Rc1 Qxc6 23. Rxc6 Bd7 24. Rxa6 Rb8 25. Ra7 Be8 26. Re7 Kf8 27. Rc7 f6 28. Nxe8 Rxe8 29. Rb7 fxe5 30. fxe5 Bxe5 31. Rxb4 Rc8 32. Be4 Rc1+ 33. Kg2 Ra1 34. a4 Ra2 35. b3 Bc3 36. Rc4 Be1 37. Bc2 Ke7 38. Kf1 Ba5 39. b4 Bxb4 40. Rxb4 Rxc2 41. Rb7+ Kf6 42. Rxh7 Ra2 43. Ra7 g5 44. Kg2 Kf5 45. a5 Ra4 46. a6 Kg4 47. Ra8 e5 48. a7 e4 49. h3+ 1-0

[Event "Azov Don Cup"]
[Site "Azov"]
[Date "2011.07.14"]
[Round "7"]
[White "Travkina, Anastasia"]
[Black "Samsonov, Evgeniy"]
[Result "1-0"]
[WhiteElo "2176"]
[BlackElo "1781"]
[PlyCount "59"]
[EventDate "2011.07.09"]
[EventType "swiss"]
[EventRounds "9"]
[EventCountry "RUS"]
[SourceTitle "EXT 2012"]
[Source "ChessBase"]
[SourceDate "2011.11.24"]
[SourceVersion "1"]
[SourceVersionDate "2011.11.24"]
[SourceQuality "1"]

1. e4 c5 2. c3 Nf6 3. e5 Nd5 4. Nf3 e6 5. Na3 a6 6. Nc4 b5 7. Ne3 Bb7 8. d4 cxd4 9. Qxd4 d6 10. exd6 Nc6 11. Qd1 Bxd6 12. Nxd5 exd5 13. Bd3 h6 14. 0-0 0-0 15. Bc2 Qc7 16. Qd3 f5 17. Be3 Ne5 18. Nxe5 Bxe5 19. h3 d4 20. cxd4 Be4 21. Qb3+ Kh8 22. Bxe4 Bh2+ 23. Kh1 fxe4 24. g3 Bxg3 25. fxg3 Qxg3 26. Bf4 Qh4 27. Be5 Rad8 28. Rxf8+ Rxf8 29. Qg3 Qe7 30. Bd6 1-0

[Event "Rostov-ch"]
[Site "Rostov on Don"]
[Date "2010.??.??"]
[Round "8"]
[White "Samsonov, Evgeniy"]
[Black "Denisenko, Denis"]
[Result "1/2-1/2"]
[WhiteElo "1765"]
[BlackElo "2198"]
[PlyCount "70"]
[EventDate "2010.11.21"]
[EventType "swiss"]
[EventRounds "9"]
[EventCountry "RUS"]
[SourceTitle "EXT 2012"]
[Source "ChessBase"]
[SourceDate "2011.11.24"]
[SourceVersion "1"]
[SourceVersionDate "2011.11.24"]
[SourceQuality "1"]

1. d4 Nf6 2. c4 Nc6 3. Nc3 e5 4. d5 Ne7 5. e4 Ng6 6. Nf3 Bc5 7. h3 0-0 8. a3 a5 9. Bd3 d6 10. Rb1 Bd7 11. Ne2 a4 12. 0-0 Nh5 13. Be3 Bxe3 14. fxe3 c6 15. b4 cxd5 16. exd5 f5 17. e4 Qb6+ 18. Kh2 Ngf4 19. Nxf4 Nxf4 20. c5 dxc5 21. Nxe5 Nxd3 22. Nxd7 Qd6+ 23. Kg1 Qxd7 24. Qxd3 fxe4 25. Rxf8+ Rxf8 26. Qxe4 Re8 27. Qc4 cxb4 28. d6+ Re6 29. Rxb4 Qxd6 30. Qc8+ Kf7 31. Rxb7+ Kg6 32. Qc3 Qd1+ 33. Kh2 Qd6+ 34. Kg1 Qd1+ 35. Kh2 Qd6+ 1/2-1/2

[Event "Arkhipo Osipovka Rating"]
[Site "Arkhipo Osipovka"]
[Date "2009.09.02"]
[Round "7"]
[White "Samsonov, Evgeniy"]
[Black "Bondarev, Boris"]
[Result "0-1"]
[WhiteElo "1745"]
[BlackElo "2087"]
[PlyCount "56"]
[EventDate "2009.08.28"]
[EventType "tourn"]
[EventRounds "10"]
[EventCountry "RUS"]
[SourceTitle "EXT 2022"]
[Source "ChessBase"]
[SourceDate "2021.10.06"]
[SourceVersion "1"]
[SourceVersionDate "2021.10.06"]
[SourceQuality "1"]

1. d4 d5 2. c4 dxc4 3. e4 e5 4. Bxc4 Qxd4 5. Qxd4 exd4 6. Bf4 c5 7. Na3 a6 8. Nf3 Nc6 9. 0-0 Be6 10. Ng5 Bxc4 11. Nxc4 h6 12. Nf3 b5 13. Nb6 Ra7 14. Rfd1 Rb7 15. Nd5 g5 16. Bg3 Bg7 17. Rac1 c4 18. b3 c3 19. e5 Rd7 20. Nxd4 Nxd4 21. Rxd4 Ne7 22. Nf6+ Bxf6 23. Rxd7 Kxd7 24. exf6 Nd5 25. h4 b4 26. hxg5 hxg5 27. Be5 Re8 28. Bd4 Nf4 0-1

[Event "Arkhipo Osipovka Rating"]
[Site "Arkhipo Osipovka"]
[Date "2009.09.02"]
[Round "6"]
[White "Zobnin, Valentin"]
[Black "Samsonov, Evgeniy"]
[Result "1/2-1/2"]
[WhiteElo "1833"]
[BlackElo "1745"]
[PlyCount "53"]
[EventDate "2009.08.28"]
[EventType "tourn"]
[EventRounds "10"]
[EventCountry "RUS"]
[SourceTitle "EXT 2022"]
[Source "ChessBase"]
[SourceDate "2021.10.06"]
[SourceVersion "1"]
[SourceVersionDate "2021.10.06"]
[SourceQuality "1"]

1. e4 c5 2. Nf3 d6 3. d4 cxd4 4. Nxd4 Nf6 5. Nc3 a6 6. a4 Qc7 7. Be2 e5 8. Nb3 Be6 9. 0-0 Nbd7 10. Be3 Be7 11. a5 0-0 12. f4 Rac8 13. Qd2 Rfd8 14. Rac1 Bxb3 15. cxb3 Qxa5 16. Nd5 Qxd2 17. Nxe7+ Kf8 18. Bxd2 Kxe7 19. fxe5 Nxe5 20. Bg5 h6 21. Bxf6+ gxf6 22. Bc4 Nxc4 23. bxc4 Rc5 24. Rf3 b5 25. b3 bxc4 26. bxc4 Rdc8 27. Rfc3 1/2-1/2

[Event "Arkhipo Osipovka Rating"]
[Site "Arkhipo Osipovka"]
[Date "2009.08.31"]
[Round "4"]
[White "Kudrin, Oleg"]
[Black "Samsonov, Evgeniy"]
[Result "1-0"]
[WhiteElo "2018"]
[BlackElo "1745"]
[PlyCount "85"]
[EventDate "2009.08.28"]
[EventType "tourn"]
[EventRounds "10"]
[EventCountry "RUS"]
[SourceTitle "EXT 2022"]
[Source "ChessBase"]
[SourceDate "2021.10.06"]
[SourceVersion "1"]
[SourceVersionDate "2021.10.06"]
[SourceQuality "1"]

1. e4 c5 2. f4 d6 3. Nf3 Qc7 4. c4 Nc6 5. Nc3 e6 6. d3 a6 7. Be3 Nf6 8. g3 Ng4 9. Bd2 Be7 10. h3 Nf6 11. Bg2 Nd4 12. Be3 e5 13. g4 exf4 14. Bxd4 cxd4 15. Nxd4 Rb8 16. g5 Nd7 17. Nd5 Qc5 18. Nf5 Bxg5 19. b4 Qa7 20. Qg4 Bf6 21. Nxd6+ Kf8 22. Nxc8 Rxc8 23. Qxd7 Bh4+ 24. Kd1 Rd8 25. Qc7 Kg8 26. Qc5 b6 27. Qc7 Qxc7 28. Nxc7 Rxd3+ 29. Kc2 Rg3 30. Bf1 g6 31. Rd1 Bf6 32. Rd3 f3 33. Nd5 Be5 34. Nxb6 Kg7 35. Nd7 Bf4 36. c5 Re8 37. e5 Re6 38. a4 h5 39. b5 axb5 40. axb5 Bxe5 41. Nxe5 Rxe5 42. c6 Rxb5 43. c7 1-0

[Event "RUS-ch zt qual 62nd"]
[Site "Armavir"]
[Date "2009.03.??"]
[Round "5"]
[White "Lugovskoy, Dmitriy"]
[Black "Samsonov, Evgeniy"]
[Result "1-0"]
[WhiteElo "1958"]
[BlackElo "1712"]
[PlyCount "89"]
[EventDate "2009.03.21"]
[EventType "swiss"]
[EventRounds "9"]
[EventCountry "RUS"]
[SourceTitle "EXT 2022"]
[Source "ChessBase"]
[SourceDate "2021.10.06"]
[SourceVersion "1"]
[SourceVersionDate "2021.10.06"]
[SourceQuality "1"]

1. d4 Nf6 2. Nf3 e6 3. c4 c5 4. g3 cxd4 5. Nxd4 Nc6 6. Bg2 Qb6 7. Nb3 Bb4+ 8. N1d2 0-0 9. 0-0 d5 10. cxd5 exd5 11. Nf3 Be6 12. Be3 Qc7 13. Rc1 Qd7 14. Nc5 Bxc5 15. Bxc5 Rfe8 16. Re1 Ne4 17. Be3 Rad8 18. Nd4 Nxd4 19. Qxd4 b6 20. Red1 Bf5 21. Bf4 Qe6 22. Be3 Rd7 23. Qa4 Rde7 24. b4 Bh3 25. Bh1 Nf6 26. Qb3 Qf5 27. Rd4 h6 28. Qd3 Qxd3 29. Rxd3 Ng4 30. Bxd5 Nxe3 31. Rxe3 Rxe3 32. fxe3 Rxe3 33. Kf2 Re7 34. e4 Be6 35. Bxe6 Rxe6 36. Kf3 a5 37. b5 Kf8 38. Rc8+ Ke7 39. Rc7+ Ke8 40. Kf4 g6 41. g4 Rf6+ 42. Ke5 Re6+ 43. Kd5 Re7 44. Rxe7+ Kxe7 45. Kc6 1-0

[Event "RUS-ch zt qual 62nd"]
[Site "Armavir"]
[Date "2009.03.??"]
[Round "7"]
[White "Samsonov, Evgeniy"]
[Black "Kubatko, Ivan"]
[Result "1/2-1/2"]
[WhiteElo "1712"]
[BlackElo "2119"]
[PlyCount "62"]
[EventDate "2009.03.21"]
[EventType "swiss"]
[EventRounds "9"]
[EventCountry "RUS"]
[SourceTitle "EXT 2022"]
[Source "ChessBase"]
[SourceDate "2021.10.06"]
[SourceVersion "1"]
[SourceVersionDate "2021.10.06"]
[SourceQuality "1"]

1. Nf3 d5 2. b3 Nf6 3. Bb2 c5 4. e3 Bg4 5. d4 e6 6. Nbd2 Bd6 7. dxc5 Bxc5 8. Bb5+ Nbd7 9. h3 Bh5 10. g4 Bg6 11. Ne5 0-0 12. Nxg6 hxg6 13. Qe2 e5 14. 0-0-0 Qe7 15. g5 Nh5 16. Bxd7 Qxd7 17. Bxe5 Qf5 18. Nf3 Rfe8 19. Rxd5 Ba3+ 20. Kb1 f6 21. Bb2 Qxd5 22. Bxa3 Nf4 23. Qd1 Qxd1+ 24. Rxd1 Nxh3 25. gxf6 gxf6 26. Rf1 Kf7 27. Bb2 Rad8 28. Bd4 b6 29. Rh1 Rh8 30. Rh2 g5 31. Rg2 Rd5 1/2-1/2

[Event "RUS-ch zt qual 62nd"]
[Site "Armavir"]
[Date "2009.03.??"]
[Round "1"]
[White "Stukopin, Andrey"]
[Black "Samsonov, Evgeniy"]
[Result "1-0"]
[WhiteElo "2357"]
[BlackElo "1712"]
[PlyCount "83"]
[EventDate "2009.03.21"]
[EventType "swiss"]
[EventRounds "9"]
[EventCountry "RUS"]
[SourceTitle "EXT 2022"]
[Source "ChessBase"]
[SourceDate "2021.10.06"]
[SourceVersion "1"]
[SourceVersionDate "2021.10.06"]
[SourceQuality "1"]

1. Nf3 Nf6 2. g3 d6 3. Bg2 Nc6 4. 0-0 e5 5. d3 Be7 6. c4 0-0 7. Nc3 Re8 8. Rb1 Be6 9. b4 e4 10. Ng5 exd3 11. Nxe6 fxe6 12. exd3 d5 13. b5 Nd4 14. cxd5 exd5 15. Re1 c6 16. bxc6 bxc6 17. Qa4 Bc5 18. Be3 Ne6 19. Bxc5 Nxc5 20. Qxc6 Rxe1+ 21. Rxe1 Rc8 22. Qb5 a6 23. Qb1 d4 24. Na4 Qa5 25. Nxc5 Qxc5 26. Qb3+ Kh8 27. Bb7 Rf8 28. Qe6 Qb4 29. Qe7 a5 30. Qxb4 axb4 31. Rb1 Ng4 32. Rxb4 Nxf2 33. Rxd4 Nd1 34. Rc4 Nb2 35. Rc3 g6 36. d4 Kg7 37. Rc2 Nd1 38. Rc7+ Kh6 39. d5 Ne3 40. Rc1 Rd8 41. a4 Nxd5 42. Rd1 1-0

[Event "RUS-ch zt qual 62nd"]
[Site "Armavir"]
[Date "2009.03.??"]
[Round "8"]
[White "Zhukov, Viktor I"]
[Black "Samsonov, Evgeniy"]
[Result "0-1"]
[WhiteElo "2191"]
[BlackElo "1712"]
[PlyCount "94"]
[EventDate "2009.03.21"]
[EventType "swiss"]
[EventRounds "9"]
[EventCountry "RUS"]
[SourceTitle "EXT 2022"]
[Source "ChessBase"]
[SourceDate "2021.10.06"]
[SourceVersion "1"]
[SourceVersionDate "2021.10.06"]
[SourceQuality "1"]

1. e4 c5 2. Nf3 d6 3. d4 cxd4 4. Nxd4 Nf6 5. Nc3 a6 6. Bc4 e6 7. Bb3 b5 8. 0-0 Bb7 9. f4 Nbd7 10. f5 e5 11. Nde2 Rc8 12. Ng3 Nc5 13. Bg5 Nxb3 14. cxb3 Be7 15. Qd3 0-0 16. Rad1 b4 17. Bxf6 Bxf6 18. Nd5 Bxd5 19. Qxd5 Qb6+ 20. Kh1 Rfd8 21. Nh5 Rc5 22. Qd3 d5 23. Qg3 Kf8 24. exd5 Rcxd5 25. Rxd5 Rxd5 26. Qf3 Rd8 27. h3 Be7 28. Ng3 f6 29. Nh5 Kg8 30. Qg4 Bf8 31. Qc4+ Kh8 32. Rc1 Qd6 33. Ng3 Qd3 34. Qxd3 Rxd3 35. Rc8 Kg8 36. Ne4 Rd5 37. Ra8 a5 38. g4 Kf7 39. Kg2 g6 40. Ra7+ Be7 41. g5 gxf5 42. Nxf6 Rd2+ 43. Kf3 e4+ 44. Kf4 Ke6 45. Ra6+ Bd6+ 46. Ke3 Rd3+ 47. Ke2 Ke5 0-1

[Event "Rostov on Don-ch op"]
[Site "Rostov on Don"]
[Date "2008.12.??"]
[Round "3"]
[White "Ustinov, Alexandr Yu"]
[Black "Samsonov, Evgeniy"]
[Result "1/2-1/2"]
[WhiteElo "1984"]
[BlackElo "1712"]
[PlyCount "56"]
[EventDate "2008.12.19"]
[EventType "swiss"]
[EventRounds "9"]
[EventCountry "RUS"]
[SourceTitle "EXT 2022"]
[Source "ChessBase"]
[SourceDate "2021.10.06"]
[SourceVersion "1"]
[SourceVersionDate "2021.10.06"]
[SourceQuality "1"]

1. e4 c5 2. Nf3 d6 3. d4 cxd4 4. Nxd4 Nf6 5. Nc3 a6 6. Be2 e5 7. Nb3 b5 8. a3 Bb7 9. f3 Qb6 10. Qd3 Nbd7 11. Be3 Qc7 12. Qd2 Rd8 13. 0-0 Nb6 14. Bxb5+ axb5 15. Nxb5 Qc6 16. Na7 Nc4 17. Qb4 Qa6 18. Bf2 d5 19. Qb5+ Qxb5 20. Nxb5 d4 21. c3 Ba6 22. Nc7+ Kd7 23. Nxa6 Nxb2 24. cxd4 Ra8 25. Nac5+ Bxc5 26. Nxc5+ Kd6 27. dxe5+ Kxe5 28. Rac1 Rxa3 1/2-1/2